[Event "FIDE WCCC U12 2018"]
[Site "Santiago de Compostela"]
[Date "2018.11.13"]
[Round "9"]
[White "Shen, Shiyan"]
[Black "Wang, Jason"]
[Result "1-0"]
[WhiteElo "2187"]
[BlackElo "2229"]
[Annotator "TA"]
[PlyCount "131"]
[EventDate "2018.11.04"]
[EventType "swiss"]
[EventCountry "ESP"]
[SourceTitle "playchess.com"]
[Source "ChessBase"]
[SourceQuality "1"]

{[%evp 19,131,-6,-6,-10,0,-6,-6,-6,-5,-9,-1,-27,0,0,25,-7,0,2,17,0,23,29,39,39,39,38,39,20,45,39,39,24,39,31,37,18,29,-5,-5,-12,-9,-46,-33,-51,-45,-37,-25,-60,0,-34,0,0,0,0,0,0,13,-12,0,0,27,21,100,100,95,100,102,96,95,95,95,102,96,87,423,452,870,847,886,870,842,815,802,726,1131,779,1124,1015,1596,1306,2255,2408,1180,3060,2360,2028,1687,1450,970,0,885,0,866,693,12832,5550,12841,12841,29996,29997,29997,29995,29998,29999]} 1. e4 c5 2. Nf3 e6 3. d4 cxd4 4. Nxd4 a6 5. c4 Nf6 6. Nc3 Bb4 7. Qd3 {B41: Sicilian: Kan Variation: 5 c4} O-O (7... Qc7 8. Nc2 Bc5 9. Be2 O-O 10. O-O Nc6 11. Kh1 d6 12. f4 Bd7 13. a3 Rad8 14. b4 Ba7 {½-½ (115) Karjakin,S (2782)-Caruana,F (2816) Paris 2018}) 8. Be2 d6 9. Nc2 Bxc3+ 10. bxc3 Nbd7 {[%cal Bb8d7,Bd7c5,Bc5a4][%mdl 32] LiveBook: 3 Games} 11. f3 Qc7 12. O-O Nc5 13. Qd4 e5 14. Qf2 $146 ({Predecessor:} 14. Qd2 Be6 15. Rd1 Rfd8 16. Qe1 {½-½ (90) Firouzja,A (2475)-Kulaots,K (2578) Moscow 2016}) 14... Be6 15. Ne3 Rab8 16. Ba3 Rfd8 17. Rfd1 Na4 18. Rac1 Rbc8 19. Bf1 Nb6 {[%cal Rb6c4]} 20. Nd5 Nfxd5 21. cxd5 Bd7 22. c4 Na4 23. Rc2 Be8 24. Rdc1 b6 25. Bd3 Qa7 26. Bb4 Nc5 27. Bxc5 (27. Bf1 {looks sharper.} f6 28. Bd2 Rb8 29. Be3 Qc7 30. Rb2) 27... Rxc5 28. Bf1 Qc7 29. Qd2 Rc8 30. Bd3 Ba4 31. Rc3 b5 {And now ...b4 would win.} 32. a3 h6 33. h3 Kh7 (33... a5 $15 34. Qb2 Qb6) 34. Kh2 Qa5 35. Qb2 Qb6 36. Qd2 Qa5 37. Qb2 Qb6 38. Qd2 Qc7 39. Qb2 Kh8 40. cxb5 Rxc3 (40... axb5 $11 41. Rxc5 dxc5) 41. b6 $16 Rxc1 42. bxc7 R1xc7 43. Qb4 $36 {[%mdl 2048] White is really pushing.} Bb5 44. Bxb5 axb5 45. Qxd6 {[%mdl 4096] Endgame KQ-KRR} f6 46. Qe6 {aiming for d6.} Rg8 $2 {[%mdl 8192]} (46... Rf8 $16 {is more resistant.} 47. Qb6 Rc3) 47. d6 $18 Rc3 (47... Rcc8 $142 48. d7 Ra8) 48. d7 Rd3 49. Qe7 Kh7 50. Kg3 Rd2 51. Kg4 Rxg2+ 52. Kf5 Rd2 53. Ke6 Rh8 54. h4 {[%cal Bh3h4,Bh4h5][%mdl 32]} Rd3 55. h5 Rd4 {[#]} 56. Qe8 (56. f4 $142 $1 {[%mdl 512]} Rd3 (56... exf4 57. Qc5) 57. Qf7) 56... Rg8 57. Kf7 {[%csl Gf7][%cal Re8g8]} Rh8 58. Ke7 Rg8 59. Kf7 {[%csl Gf7][%cal Re8g8]} Rh8 60. Ke6 {Threatening mate with Qg6+.} Rg8 $1 61. Ke7 Rd3 {[#]} 62. f4 $1 {[%mdl 512]} exf4 {[#]} 63. e5 $1 {[%mdl 512]} Re3 {[#]} (63... fxe5 64. Qg6+) 64. Qxg8+ $1 {[%mdl 512] White mates.} Kxg8 65. d8=Q+ Kh7 66. Kf7 {Precision: White = 63%, Black = 28%.} 1-0

[Event "FIDE WCCC U12 2018"]
[Site "Santiago de Compostela"]
[Date "2018.11.13"]
[Round "9"]
[White "Shen, Shiyan"]
[Black "Wang, Jason"]
[Result "*"]
[WhiteElo "2187"]
[BlackElo "2229"]
[Annotator "TA"]
[PlyCount "24"]
[EventDate "2018.11.04"]
[EventType "swiss"]
[EventCountry "ESP"]
[SourceTitle "playchess.com"]
[Source "ChessBase"]
[SourceQuality "1"]

{[%evp 19,20,0,0]} 1. e4 c5 2. Nf3 e6 3. d4 cxd4 4. Nxd4 a6 5. c4 Nf6 6. Nc3 Bb4 7. Qd3 {B41: Sicilian: Kan Variation: 5 c4} O-O (7... Qc7 8. Nc2 Bc5 9. Be2 O-O 10. O-O Nc6 11. Kh1 d6 12. f4 Bd7 13. a3 Rad8 14. b4 Ba7 {½-½ (115) Karjakin,S (2782)-Caruana,F (2816) Paris 2018}) 8. Be2 d6 9. Nc2 Bxc3+ 10. bxc3 Nbd7 {LiveBook: 3 Games} {Predecessor:} 11. Ba3 $146 Nc5 12. Bxc5 dxc5 {½-½ (12) Vokarev,S (2457)-Zubov,A (2601) Pavlodar 2015} *

[Event "FIDE WCCC U12 2018"]
[Site "Santiago de Compostela"]
[Date "2018.11.13"]
[Round "9"]
[White "Chyzy, Jakub"]
[Black "Tobak, Mikhail"]
[Result "1-0"]
[WhiteElo "2136"]
[BlackElo "1936"]
[Annotator "TA"]
[PlyCount "80"]
[EventDate "2018.11.04"]
[EventType "swiss"]
[EventCountry "ESP"]
[SourceTitle "playchess.com"]
[Source "ChessBase"]
[SourceQuality "1"]

{[%evp 19,80,39,57,18,28,0,0,0,0,0,20,18,28,25,26,25,23,27,12,12,102,102,94,99,98,103,98,84,345,216,247,77,79,46,50,27,34,34,29,33,31,31,43,43,31,0,0,0,8,0,0,0,-8,-222,-206,-189,7,6,8,8,10,0,10]} 1. e4 {[%cal Be2e4,Be4e5][%mdl 32]} Nf6 2. e5 Nd5 3. d4 d6 4. c4 Nb6 5. exd6 cxd6 6. Nc3 g6 7. Be3 Bg7 8. Rc1 O-O 9. b3 Bf5 10. Be2 {B03: Alekhine's Defence: Four Pawns Attack} (10. d5 e5 11. dxe6 Bxe6 12. Nge2 d5 13. c5 Nc6 14. Nd4 Bxd4 15. Bxd4 Re8 16. cxb6 Qh4 17. Ne2 axb6 {1-0 (38) Xiong,J (2618)-Kamsky,G (2678) Saint Louis 2016 CBM 172 [Mekhitarian,K]}) 10... e5 {LiveBook: 4 Games} 11. dxe5 dxe5 12. Qxd8 {White has an edge.} (12. c5 {is interesting.} N6d7 13. Nf3 Nc6 14. O-O Nf6 15. Nb5) 12... Rxd8 13. c5 N6d7 14. Nb5 Nc6 15. g4 $146 ({Predecessor:} 15. Nd6 Rab8 16. Bc4 Be6 17. Bxe6 fxe6 {½-½ (71) Richterova,N (2053)-Chetverik,M (2260) Trebic 2014}) 15... Be6 16. Nc7 Rac8 17. Nxe6 fxe6 18. Nf3 Nd4 19. b4 {[#]} Nb8 {[#]} (19... a5 $1 $11 {[%mdl 512] keeps the balance.}) 20. Bxd4 $1 $16 exd4 21. Bc4 Re8 22. O-O Nc6 23. Rfe1 Rcd8 $2 {[%mdl 8192]} (23... Rc7 $16 {keeps fighting.}) 24. Ng5 ({Less strong is} 24. Rxe6 Rxe6 25. Bxe6+ Kf8 $16) ({Weaker is} 24. Bxe6+ Kf8 $16) 24... Ne5 25. Bxe6+ $2 (25. Nxe6 $18 Rxe6 26. Bxe6+ Kh8 27. Re4) 25... Kh8 26. f4 h6 27. Bf7 hxg5 28. Bxe8 gxf4 29. Rxe5 Bxe5 30. Bxg6 $11 {[%mdl 4096] Endgame Black must now prevent Be4. KRB-KRB} d3 $1 31. Rd1 d2 32. Kf1 Bc3 33. a3 Bb2 34. Be4 Bxa3 35. Bxb7 {Hoping for c6.} Bxb4 36. Ke2 $2 {[#]} (36. c6 $11 Ba5 37. Ke2) 36... Re8+ $1 $19 37. Kd3 Bxc5 $2 (37... Re1 $19 38. Rxd2 Re3+ 39. Kc2 Bxd2 40. Kxd2 a5) 38. Rxd2 $11 {The position is equal.} Kg7 39. Re2 Be3 40. Bc6 Rc8 {[%mdl 32768] Precision: White = 54%, Black = 47%. . Loss on Time!?} 1-0

[Event "FIDE WCCC U12 2018"]
[Site "Santiago de Compostela"]
[Date "2018.11.13"]
[Round "9"]
[White "Nguyen, Quoc Hy"]
[Black "Amilal, Munkhdalai"]
[Result "1/2-1/2"]
[WhiteElo "2117"]
[BlackElo "1864"]
[Annotator "TA"]
[PlyCount "140"]
[EventDate "2018.11.04"]
[EventType "swiss"]
[EventCountry "ESP"]
[SourceTitle "playchess.com"]
[Source "ChessBase"]
[SourceQuality "1"]

{[%evp 16,140,34,-3,58,24,66,22,26,23,44,45,50,44,48,44,49,51,58,54,57,55,60,30,64,55,64,64,64,62,74,50,60,25,33,22,8,0,0,-10,-6,-18,0,-25,0,0,0,0,0,0,0,0,0,0,0,-54,0,0,0,-16,-18,-41,-26,-36,6,0,0,-74,0,-107,-107,-147,-147,-253,0,0,0,0,0,0,0,0,0,0,0,0,0,0,0,0,0,0,0,0,0,0,0,0,0,0,0,0,0,0,0,0,0,0,0,0,0,0,0,0,0,0,0,0,0,0,0,0,0,0,0,0,0]} 1. d4 Nf6 2. g3 e6 3. Bg2 d5 4. Nf3 Nbd7 5. O-O Be7 6. c4 O-O 7. b3 {[%cal Bb2b3,Bb3c4,Bc4c5][%mdl 32]} c6 8. Bb2 b5 9. Nbd2 {LiveBook: 9 Games. E07: Closed Catalan: Main Line (5 Nf3 0-0 6 0-0 Nbd7)} Bb4 (9... bxc4 $11 10. bxc4 Rb8) (9... bxc4 10. bxc4 Ba6 11. Qa4 Qc8 12. Rfc1 Re8 13. Qc2 dxc4 14. e4 c5 15. e5 Nb6 16. dxc5 Bxc5 {0-1 (16) Matsenko,S (2534)-Sumets,A (2569) Konya 2017}) 10. Qc2 Ba6 11. Rfc1 $146 {White is slightly better.} ({Predecessor:} 11. a3 Bxd2 12. Nxd2 bxc4 13. bxc4 Nb6 14. c5 Nc4 15. Nxc4 Bxc4 {½-½ (56) Weissenbeck,M (2316)-Kopinits,A (2210) Austria 2010}) 11... bxc4 12. bxc4 Bxd2 13. Nxd2 Nb6 14. c5 Nc4 15. Nxc4 Bxc4 16. e4 Qa5 17. e5 Nd7 18. Bc3 Qa6 19. h4 Rab8 20. Qd2 Rb7 21. Bh3 Rfb8 22. Kh2 Nf8 23. g4 Bd3 24. Rg1 Rb1 25. h5 Rxa1 26. Bxa1 Rb1 27. h6 Rxg1 28. Kxg1 Ng6 29. Bc3 Bc4 30. Qg5 {[#] Strongly threatening Qd8+.} Qxa2 31. Qd8+ Nf8 32. hxg7 Kxg7 33. Qf6+ Kg8 34. Kh2 Qc2 35. Ba5 (35. Qg5+ $11 Qg6 36. Qxg6+ hxg6 37. Kg3) 35... Qe4 (35... h6 $15) 36. Bd2 $11 Qg6 37. Qd8 h6 38. Qc7 Bb5 39. Qxa7 Nh7 40. Qb8+ Kg7 41. Be3 (41. Qd8 $11) 41... Ng5 (41... Be2 $17) 42. Bg2 (42. Qd8 $1 $11 {was the only way to keep the balance.}) 42... Be2 $17 43. Qd8 Bxg4 {[#] ...Nf3+ is the strong threat.} 44. Bxg5 (44. Qf6+ $17 {was called for.} Qxf6 45. exf6+ Kxf6 46. f3) 44... Qxg5 $2 ({Black should play} 44... hxg5 $19 45. Qa5 Qh7+ 46. Kg1 Qb1+ 47. Kh2 Qc1) 45. Qxg5+ $11 {The position is equal.} hxg5 $17 {[%mdl 4096] Endgame KB-KB} 46. Bf1 Kf8 47. Kg3 Bh5 48. Ba6 Ke7 49. Bb7 Kd7 50. f3 Kc7 51. Ba6 Kd8 52. f4 gxf4+ 53. Kxf4 Bd1 54. Kg5 Ke7 55. Bd3 Bb3 56. Be2 Ba4 57. Bh5 Bb5 58. Bd1 Bd3 59. Ba4 Bb5 60. Bc2 Bc4 61. Kf4 f6 62. exf6+ Kxf6 63. Ba4 Bb5 64. Bd1 Bd3 65. Bh5 Bb5 66. Bg4 Bc4 67. Bf3 Ba6 68. Bg4 Bc4 69. Bh5 Bb5 70. Bd1 Ba6 {Precision: White = 58%, Black = 54%.} 1/2-1/2

[Event "FIDE WCCC U12 2018"]
[Site "Santiago de Compostela"]
[Date "2018.11.13"]
[Round "9"]
[White "Maurizzi, Marc Andria"]
[Black "Rakhmatullaev, Almas"]
[Result "0-1"]
[WhiteElo "2103"]
[BlackElo "1921"]
[Annotator "TA"]
[PlyCount "120"]
[EventDate "2018.11.04"]
[EventType "swiss"]
[EventCountry "ESP"]
[SourceTitle "playchess.com"]
[Source "ChessBase"]
[SourceQuality "1"]

{[%evp 16,120,21,14,13,16,43,46,75,70,67,69,77,76,120,77,90,74,89,62,72,53,67,27,45,26,74,66,108,85,108,0,0,0,64,0,29,6,13,0,16,25,26,26,52,37,91,79,89,86,85,88,62,55,71,37,193,94,95,56,94,116,110,0,94,29,40,29,146,-217,-202,-244,-212,-282,-269,-270,-282,-955,-950,-1398,-341,-361,-335,-678,-95,-88,-85,-85,-92,-134,-136,-145,-145,-249,-239,-250,-239,-261,-245,-513,-514,-508,-504,-556,-475,-590,-585]} 1. e4 e5 2. Nf3 Nc6 3. Bc4 Bc5 4. O-O Nf6 {[%cal Bg8f6,Bf6g4,Bg4f2][%mdl 32]} 5. d3 d6 6. c3 a6 7. a4 h6 8. Nbd2 {C54: Giuoco Piano: 4 c3 Nf6, main lines with 5 d4 and 5 d3} (8. Re1 O-O 9. h3 a5 10. Nbd2 Be6 11. Bb5 Na7 12. d4 Nxb5 13. dxc5 Na7 14. b3 Re8 15. cxd6 Qxd6 {1-0 (49) Vachier Lagrave,M (2779)-Karjakin,S (2773) Saint Louis 2018}) 8... O-O 9. Re1 {LiveBook: 44 Games} Ng4 10. Re2 {The position is equal.} Kh8 11. h3 Nxf2 12. Rxf2 Bxf2+ 13. Kxf2 f5 14. Kg1 g5 15. Nf1 {Threatens to win with Nxg5!} f4 {[#]} 16. N3h2 $146 Qf6 17. Qh5 Kh7 18. Bd2 Bd7 19. Re1 Rae8 20. b4 Ne7 21. Bb3 Ng6 22. Bd1 Re7 23. Bg4 (23. a5 $16) 23... Bxa4 $11 24. Bf5 {And now Ng4 would win.} Be8 (24... Bd7 $1 $11) 25. Bc1 ({Better is} 25. h4 $14 gxh4 26. Nf3 (26. Ng4 Qg5 $11)) 25... Qg7 (25... Kh8 {is interesting.} 26. Ng4 Qg7 27. Nxh6 Nh4 28. Nf7+ Kg8) 26. Qd1 Kg8 27. Bg4 Bf7 28. c4 Rd8 29. Bb2 Nf8 30. Nd2 {[%mdl 1024] White has compensation.} Nh7 (30... Ree8 $14) 31. Nb3 $16 Nf6 32. Bf5 h5 33. d4 Rde8 34. dxe5 dxe5 35. Na5 Kh8 $2 ({Black should try} 35... Bg6 $14) 36. Qe2 (36. Nxb7 $18 {and White stays clearly on top.} Bxc4 37. Nc5) 36... g4 37. hxg4 hxg4 38. Bxg4 ({Not} 38. Nxg4 $2 Bh5 $19) 38... Rg8 {[%cal Rf6g4]} 39. Bf3 (39. Bf5 $16) 39... Qh7 (39... Qh6 $11 {remains equal.}) 40. Qf2 ({White should play} 40. Nxb7 $16 {aiming for Ra1.} Rg6 41. Rd1) 40... Rg5 $11 41. Nxb7 {Black must now prevent Qc5.} Bh5 (41... Bxc4 $11 42. Rc1 Bb5) 42. Qd2 $2 {[%mdl 8192]} (42. Nc5 $1 $16 {is necessary to keep the advantage.}) 42... Rd7 $19 43. Qf2 {Nc5 is the strong threat.} Rdg7 {Hoping for ...Bxf3.} 44. Re2 {Strongly threatening Qh4.} Bxf3 45. Qxf3 Rg3 $1 {[%cal Rg3f3]} 46. Qf1 $2 (46. Bxe5 Rxf3 47. Nxf3) 46... Qh5 47. Rd2 f3 $2 (47... Nxe4 48. Rd8+ Kh7) 48. Nxf3 Rxf3 49. Qe2 $2 (49. Qd1 Nxe4 50. Bxe5 $1 {[%mdl 512]} Nxd2 51. Bxg7+ Kxg7 52. gxf3 Nxf3+ 53. Kf2 Qh2+ 54. Ke3 Qe5+ 55. Kf2 Qh2+ 56. Ke3 Qe5+ 57. Kf2) 49... Rh3 $2 (49... Rgg3 $19 50. Rd5 {[#]} Ng4 $1 {[%mdl 512]} 51. Bxe5+ Nxe5) 50. Qxh5+ $17 Rxh5 51. Nc5 Ng4 52. Ne6 Rf7 53. Rd8+ Kh7 54. Nf8+ (54. Rd7 $17 Rxd7 55. Nf8+ Kg7 56. Nxd7) 54... Kh6 $19 55. Bc1+ Kg7 {( -> ...Rh1+!)} 56. Ne6+ Kf6 57. Ng5 $2 (57. Rg8) 57... Rxg5 {Black is clearly winning.} 58. Bxg5+ Kxg5 59. Ra8 Rf6 60. Ra7 Rc6 {Precision: White = 32%, Black = 37%.} 0-1

[Event "FIDE WCCC U12 2018"]
[Site "Santiago de Compostela"]
[Date "2018.11.13"]
[Round "9"]
[White "Maurizzi, Marc Andria"]
[Black "Rakhmatullaev, Almas"]
[Result "*"]
[WhiteElo "2103"]
[BlackElo "1921"]
[Annotator "TA"]
[PlyCount "30"]
[EventDate "2018.11.04"]
[EventType "swiss"]
[EventCountry "ESP"]
[SourceTitle "playchess.com"]
[Source "ChessBase"]
[SourceQuality "1"]

{[%evp 16,17,12,8]} 1. e4 e5 2. Nf3 Nc6 3. Bc4 Bc5 4. O-O Nf6 5. d3 d6 6. c3 a6 7. a4 h6 8. Nbd2 {C54: Giuoco Piano: 4 c3 Nf6, main lines with 5 d4 and 5 d3} O-O 9. Re1 {LiveBook: 44 Games} {Predecessor:} a5 $146 10. Nf1 Be6 11. b3 d5 12. exd5 Nxd5 13. Bd2 Bd6 14. Ng3 Re8 15. h3 Rb8 {1-0 (48) Karjakin,S (2782)-Grischuk,A (2766) Leuven 2018} *

[Event "FIDE WCCC U12 2018"]
[Site "Santiago de Compostela"]
[Date "2018.11.13"]
[Round "9"]
[White "Creanga, Robert-Ionut"]
[Black "Ohanyan, Emin"]
[Result "0-1"]
[WhiteElo "2066"]
[BlackElo "1742"]
[Annotator "NA RC"]
[PlyCount "70"]
[EventDate "2018.11.04"]
[EventType "swiss"]
[EventCountry "ESP"]
[SourceTitle "playchess.com"]
[Source "ChessBase"]
[SourceQuality "1"]
[TimeControl "40/5400+30:1800+30"]

{[%evp 8,70,46,32767,32767,32767,52,32767,63,38,35,63,62,32767,32767,32767,32767,32767,32767,32767,32767,32767,32767,84,74,75,32767,82,32767,32767,32767,32767,89,79,83,58,67,32767,-6,-64,32767,-25,-22,32767,-630,-587,-632,-594,-199,32767,32767,32767,32767,32767,32767,32767,32767,32767,32767,-783,32767,-810,32767,-766,-901]} 1. d4 {[%emt 0:00:00]} Nf6 {[%emt 0:00:00]} 2. c4 {[%emt 0:00:00]} g6 {[%emt 0:00:00]} 3. f3 {[%emt 0:00:00]} Bg7 {[%emt 0:00:00]} 4. e4 {[%emt 0:00:19]} O-O {[%emt 0:00:37]} 5. Nc3 {[%emt 0:00:17]} d6 {[%emt 0:00:24]} 6. Be3 {[%emt 0:00:08]} b6 {[%emt 0:01:19]} 7. Qd2 {[%emt 0:06:49]} c5 {[%emt 0:03:35]} 8. Nge2 {[%emt 0:03:16]} Nc6 {[%emt 0:06:19]} 9. d5 {[%emt 0:03:50] E82: Königsindisch (Sämisch-Angriff)} Na5 {[%emt 0:01:26] LiveBook: 6 Games} (9... Ne5 10. Ng3 e6 11. Be2 Re8 12. O-O exd5 13. cxd5 a6 14. a4 Rb8 15. Kh1 c4 16. Rab1 b5 17. axb5 axb5 18. b4 Bd7 19. Bd4 Ra8 20. f4 Neg4 21. h3 Nh6 22. e5 Nh5 23. Bxh5 gxh5 24. Nxh5 Qh4 25. Nxg7 {1-0 (25) Bocharov,D (2585)-Savitskiy,S (2412) Sochi 2017}) 10. Ng3 {[%emt 0:04:27]} h5 {[%emt 0:16:37]} 11. Be2 $146 {[%emt 0:17:46]} ({Vorgänger:} 11. Bd3 Ba6 12. b3 Re8 13. O-O e6 14. Rae1 e5 15. Bg5 Qd7 16. h3 Nh7 {½-½ (56) Janssens,T-Miscek,V Balatonkenese 1999}) 11... a6 {[%emt 0:06:22]} 12. O-O {[%emt 0:05:09]} Rb8 {[%emt 0:05:06]} 13. Rab1 {[%emt 0:06:01]} Qc7 {[%emt 0:04:09]} 14. b4 {[%emt 0:10:10]} cxb4 {[%emt 0:00:43]} 15. Rxb4 {[%emt 0:00:49]} Nd7 {[%emt 0:29:43]} 16. Na4 {[%emt 0:11:25]} Nb7 {[%emt 0:00:37]} 17. Nxb6 {[%emt 0:07:16]} Nbc5 {[%emt 0:03:09]} 18. Nxd7 {[%emt 0:03:42]} Bxd7 {[%emt 0:00:05]} 19. Rfb1 {[%emt 0:02:10]} Na4 {[%emt 0:04:03]} 20. Rxb8 {[%emt 0:04:33]} Rxb8 {[%emt 0:00:07]} 21. Rxb8+ {[%emt 0:01:34]} Qxb8 {[%emt 0:00:06]} 22. Bd1 {[%emt 0:01:17]} Qb1 {[%emt 0:05:59]} 23. Kf2 {[%emt 0:02:57]} Nb2 {[%emt 0:04:25]} 24. Bb3 $1 {[%emt 0:01:56]} Ba4 {[%emt 0:02:45]} 25. Ke2 {[%emt 0:01:20] [#]} Bxb3 $1 {[%emt 0:01:16]} 26. axb3 {[%emt 0:00:01] [#]} Bc3 $1 {[%emt 0:01:53]} 27. Qxc3 {[%emt 0:01:16]} Qd1+ {[%emt 0:00:10]} 28. Kf2 {[%emt 0:00:03]} Nd3+ {[%emt 0:00:09]} 29. Qxd3 {[%emt 0:00:04]} Qxd3 {[%emt 0:00:05]} 30. Ne2 {[%emt 0:00:09]} Qxb3 {[%emt 0:01:04]} 31. c5 {[%emt 0:00:04]} dxc5 {[%emt 0:01:08]} 32. Bxc5 {[%emt 0:00:08]} Kf8 {[%emt 0:01:02]} 33. Nd4 {[%emt 0:00:40]} Qc4 {[%emt 0:00:37]} 34. Ba7 {[%emt 0:00:24]} a5 {[%emt 0:00:41]} 35. Nc6 {[%emt 0:00:11]} a4 $19 {[%emt 0:00:11]} 0-1

[Event "FIDE WCCC U12 2018"]
[Site "Santiago de Compostela"]
[Date "2018.11.13"]
[Round "9"]
[White "Han, Yichen"]
[Black "Kostolansky, Sebastian Lukas"]
[Result "*"]
[WhiteElo "2061"]
[BlackElo "2323"]
[Annotator "TA"]
[PlyCount "22"]
[EventDate "2018.11.04"]
[EventType "swiss"]
[EventCountry "ESP"]
[SourceTitle "playchess.com"]
[Source "ChessBase"]
[SourceQuality "1"]

{[%evp 19,20,39,41]} 1. d4 Nf6 2. Bf4 d6 3. Nf3 g6 4. e3 Bg7 5. h3 O-O 6. Be2 Nfd7 7. O-O e5 8. Bh2 Nc6 9. c4 f5 {A48: 1 d4 Nf6 2 Nf3 g6: Torre, London and Colle Systems} 10. Nc3 h6 {LiveBook: 22 Games} (10... Kh8 11. a3 e4 12. Nd2 Ne7 13. b4 Nf6 14. Rc1 Be6 15. f3 exf3 16. Bxf3 c6 17. b5 Bg8 18. a4 Rc8 {1-0 (31) Matlakov,M (2689)-Huzman,A (2580) Berlin 2015}) {Predecessor:} 11. a3 $146 Kh7 {½-½ (11) Kukov,V (2387)-Vasquez Schroder,R (2505) San Sebastian 2018} *

[Event "FIDE WCCC U12 2018"]
[Site "Santiago de Compostela"]
[Date "2018.11.13"]
[Round "9"]
[White "Han, Yichen"]
[Black "Kostolansky, Sebastian Lukas"]
[Result "1-0"]
[WhiteElo "2061"]
[BlackElo "2323"]
[Annotator "TA"]
[PlyCount "71"]
[EventDate "2018.11.04"]
[EventType "swiss"]
[EventCountry "ESP"]
[SourceTitle "playchess.com"]
[Source "ChessBase"]
[SourceQuality "1"]

{[%evp 19,71,35,28,18,26,16,11,15,13,-20,-18,-14,-20,-18,23,11,54,27,64,64,82,0,13,20,445,446,392,383,508,519,513,512,577,560,593,527,629,628,703,629,893,831,1722,1168,29988,29988,29991,1477,1268,1261,1220,474,1122,1100]} 1. d4 Nf6 2. Bf4 d6 3. Nf3 g6 4. e3 Bg7 5. h3 O-O 6. Be2 Nfd7 7. O-O e5 8. Bh2 Nc6 {[%cal Bb8c6,Bc6e7,Be7g6,Bg6h4][%mdl 32]} 9. c4 f5 {A48: 1 d4 Nf6 2 Nf3 g6: Torre, London and Colle Systems} 10. Nc3 h6 {LiveBook: 22 Games} (10... Kh8 11. a3 e4 12. Nd2 Ne7 13. b4 Nf6 14. Rc1 Be6 15. f3 exf3 16. Bxf3 c6 17. b5 Bg8 18. a4 Rc8 {1-0 (31) Matlakov,M (2689)-Huzman,A (2580) Berlin 2015}) 11. a3 g5 {The position is equal.} 12. d5 $146 ({Predecessor:} 12. b4 f4 13. exf4 exf4 14. b5 Nxd4 15. Nxd4 Qf6 {0-1 (15) Sandoval Fuquen,J (1670)-Cayon,L (1708) Palmira 2017}) 12... Ne7 13. Nd2 Nf6 14. b4 g4 15. hxg4 Nxg4 16. Rc1 Nxh2 17. Kxh2 Ng6 18. c5 (18. Bh5 $5 {[%cal Rh5g6]} Ne7 19. Nb3 $14) 18... Nh4 19. g3 f4 20. e4 (20. cxd6 $16 cxd6 21. Nce4) 20... Qd7 {[#] ( -> ...Qh3+)} 21. Bg4 $1 $36 {[%cal Rg4d7][%mdl 2048] White has some pressure.} Qe7 $2 {[%mdl 8192]} (21... Qxg4 $11 22. Qxg4 Bxg4 23. gxh4 Bd7) 22. Bxc8 $18 fxg3+ 23. fxg3 Rxf1 24. Nxf1 Rxc8 25. Qg4 Rf8 26. gxh4 Kh7 27. Ne2 Rf2+ 28. Kg1 Qf7 {Black hopes to continue with ...h5.} 29. h5 Kh8 30. Nfg3 Rf3 31. Nf5 Rxa3 32. cxd6 cxd6 33. Rc8+ (33. Qg6 $142 Qxg6+ 34. hxg6 Ra1 35. Rxa1 a6 36. Rc1 Bf8 37. Rc8 Kg8 38. g7 Kh7 39. gxf8=Q Kg6 40. Qxh6+ Kf7 41. Qg7#) 33... Kh7 {[#]White is clearly winning.} 34. Qg6+ $1 Qxg6+ 35. hxg6+ Kxg6 36. Rg8 {Precision: White = 47%, Black = 31%.} 1-0